| 000 | 00712nam a2200193Ia 4500 | ||
|---|---|---|---|
| 008 | 151121s9999||||xx |||||||||||||| ||und|| | ||
| 082 | _a301।2/काप्रा | ||
| 082 | _bHNW-59723 | ||
| 100 | _aघोरपडे माधवराव -अनु।-काप्रा | ||
| 245 | _aसंधिकाल | ||
| 260 | _b"मॅजेस्टिक प्रकाशन,मुंबई।" | ||
| 260 | _c-- | ||
| 300 | _a372 | ||
| 600 | _aघोरपडे माधवराव -अनु।-काप्रा | ||
| 630 | _aसंधिकाल | ||
| 700 | _aघोरपडे माधवराव -अनु।-काप्रा | ||
| 730 | _aसंधिकाल | ||
| 942 | _cBOOK | ||
| 999 |
_c1241359 _d1241356 |
||